[Event "SV Weidenau/Geisweid 1 - Siegener SV 1"]
[Site "NRW-Klasse - Gruppe 4 2021/20"]
[Date "2022.06.12"]
[Round "5.3"]
[White "Wallasch, Thomas"]
[Black "Meinhardt, Michael"]
[Result "0-1"]
[WhiteElo "1831"]
[BlackElo "2035"]
[PlyCount "76"]
[EventDate "2022.??.??"]
[SourceVersionDate "2020.03.16"]
[WhiteTeam "Siegener SV 1"]
[BlackTeam "SV Weidenau/Geisweid 1"]

1. d4 Nf6 2. c4 e6 3. Nf3 Bb4+ 4. Bd2 Qe7 5. a3 Bxd2+ 6. Nbxd2 O-O 7. Qc2 d6 8.
e4 e5 9. d5 a5 10. b3 Na6 11. Be2 Nh5 12. Nf1 Nf4 13. Ne3 Nc5 14. Nd2 g6 15. g3
Nxe2 16. Kxe2 f5 17. b4 axb4 18. axb4 Rxa1 19. Rxa1 Na6 20. Qc3 f4 21. Nef1 Qf6
22. f3 fxg3 23. hxg3 g5 24. Rb1 g4 25. f4 exf4 26. Qxf6 Rxf6 27. gxf4 Rxf4 28.
Ke3 Rf7 29. Ng3 Kg7 30. Nh5+ Kg6 31. Nf4+ Kg5 32. Rf1 Nxb4 33. Ne6+ Bxe6 34.
dxe6 Re7 35. Rf7 Nc6 36. e5 Kg6 37. Rf6+ Kg7 38. Rf4 Nxe5 0-1

[Event "SV Weidenau/Geisweid 1 - Siegener SV 1"]
[Site "NRW-Klasse - Gruppe 4 2021/20"]
[Date "2022.06.12"]
[Round "5.4"]
[White "Peutz, Arne"]
[Black "Scholl, Eckhard"]
[Result "1-0"]
[WhiteElo "1849"]
[BlackElo "1898"]
[PlyCount "112"]
[EventDate "2022.??.??"]
[SourceVersionDate "2020.03.16"]
[WhiteTeam "SV Weidenau/Geisweid 1"]
[BlackTeam "Siegener SV 1"]

1. e4 c5 2. Nc3 g6 3. f4 Bg7 4. Nf3 e6 5. d4 cxd4 6. Nxd4 a6 7. Be2 Nc6 8. Be3
Nge7 9. O-O O-O 10. Bf3 d5 11. exd5 Nxd5 12. Nxd5 exd5 13. c3 Re8 14. Qd2 Be6
15. Rad1 Qd7 16. h3 Rad8 17. Rfe1 Qc8 18. Qf2 Nxd4 19. Bxd4 Bf8 20. Kh1 b5 21.
Bf6 Rd7 22. a3 Be7 23. Bxe7 Rexe7 24. Rd4 Qc5 25. Qh4 Bf5 26. Rxe7 Qxe7 27.
Qxe7 Rxe7 28. Rxd5 Bc2 29. Rd2 Bb3 30. Kg1 Kg7 31. Kf2 Bc4 32. b4 a5 33. Be2
Bxe2 34. Rxe2 Rc7 35. Re3 axb4 36. axb4 h5 37. h4 f6 38. Ke2 Rd7 39. Rd3 Rb7
40. Rd5 Kf7 41. Kd3 Ke6 42. Kd4 Rb8 43. Ke4 Rb7 44. f5+ Kf7 45. fxg6+ Kxg6 46.
Kd4 Rb8 47. Rc5 Rb6 48. Kd5 Kf5 49. Rc6 Rb7 50. Kc5 Kg4 51. Rxf6 Kxh4 52. Rg6
Rb8 53. g3+ Kh3 54. Rg5 Rc8+ 55. Kxb5 Rxc3 56. Rxh5+ Kxg3 1-0

[Event "SV Weidenau/Geisweid 1 - Siegener SV 1"]
[Site "NRW-Klasse - Gruppe 4 2021/20"]
[Date "2022.06.12"]
[Round "5.5"]
[White "Pramann, Juergen"]
[Black "Piskorz, Andreas"]
[Result "1/2-1/2"]
[WhiteElo "1663"]
[BlackElo "1870"]
[PlyCount "63"]
[EventDate "2022.??.??"]
[SourceVersionDate "2020.03.16"]
[WhiteTeam "Siegener SV 1"]
[BlackTeam "SV Weidenau/Geisweid 1"]

1. e4 e5 2. Nf3 d6 3. d4 Nd7 4. Bc4 c6 5. O-O Be7 6. Nc3 Ngf6 7. Bg5 Qc7 8. Qd2
h6 9. Bh4 O-O 10. Rad1 b5 11. Bd3 Re8 12. Rfe1 Nf8 13. a3 Bg4 14. Bg3 Ng6 15.
d5 Rab8 16. dxc6 Qxc6 17. Be2 b4 18. axb4 Rxb4 19. b3 Rc8 20. Bc4 Rxc4 21. bxc4
Qxc4 22. Re3 Nf4 23. Bxf4 exf4 24. Rd3 g5 25. Re1 Bxf3 26. gxf3 d5 27. Nxd5
Nxd5 28. Rxd5 Qxc2 29. Ra1 Qxd2 30. Rxd2 a5 31. Rxa5 Bb4 32. Rad5 1/2-1/2

[Event "SV Weidenau/Geisweid 1 - Siegener SV 1"]
[Site "NRW-Klasse - Gruppe 4 2021/20"]
[Date "2022.06.12"]
[Round "5.6"]
[White "Dueber, Olaf"]
[Black "Kellerhoff, Joerg"]
[Result "1-0"]
[WhiteElo "1923"]
[BlackElo "1635"]
[PlyCount "93"]
[EventDate "2022.??.??"]
[SourceVersionDate "2020.03.16"]
[WhiteTeam "SV Weidenau/Geisweid 1"]
[BlackTeam "Siegener SV 1"]

1. d4 Nf6 2. Bf4 c5 3. e3 cxd4 4. exd4 g6 5. Nf3 Bg7 6. Bd3 O-O 7. O-O Nc6 8.
c3 Nh5 9. Bg5 h6 10. Be3 d6 11. Qb3 Na5 12. Qc2 e5 13. Rd1 Qc7 14. Na3 a6 15.
dxe5 dxe5 16. b4 Nc6 17. Bc5 Rd8 18. Nc4 e4 19. Bxe4 Rxd1+ 20. Rxd1 Be6 21. Ne3
Nf6 22. Bxc6 Qxc6 23. Nd4 Qe4 24. Nxe6 Qxe6 25. Rd6 Qe4 26. Qd1 Ne8 27. Rd3 Rc8
28. Nd5 Kh7 29. Re3 Qh4 30. g3 Qd8 31. Qb3 Nd6 32. Ne7 Ra8 33. Qd5 Nb5 34. Qxf7
Qd1+ 35. Kg2 Qh5 36. Re6 Rf8 37. Qxg6+ Qxg6 38. Nxg6 Rf6 39. Nf4 Rxe6 40. Nxe6
Bxc3 41. a4 Na3 42. Nf4 Nc2 43. Nd5 Bd2 44. Kf3 Kg6 45. Ke4 Be1 46. Kd3 Na3 47.
Ke2 1-0

[Event "SV Weidenau/Geisweid 1 - Siegener SV 1"]
[Site "NRW-Klasse - Gruppe 4 2021/20"]
[Date "2022.06.12"]
[Round "5.7"]
[White "Lichte, Sven"]
[Black "Boushmelev, Daniel"]
[Result "1/2-1/2"]
[WhiteElo "1633"]
[BlackElo "1722"]
[PlyCount "41"]
[EventDate "2022.??.??"]
[SourceVersionDate "2020.03.16"]
[WhiteTeam "Siegener SV 1"]
[BlackTeam "SV Weidenau/Geisweid 1"]

1. e4 c6 2. d4 d5 3. e5 Bf5 4. h4 h5 5. Nf3 e6 6. Bd3 Bxd3 7. Qxd3 Ne7 8. Bg5
Qb6 9. Nc3 Nd7 10. O-O Nf5 11. Ne2 c5 12. c3 g6 13. Rab1 Bg7 14. Rfc1 O-O 15.
b4 c4 16. Qc2 Qc7 17. a4 a6 18. Ng3 Nxg3 19. fxg3 Qb6 20. Kh2 Rae8 21. Rf1
1/2-1/2

[Event "SV Weidenau/Geisweid 1 - Siegener SV 1"]
[Site "NRW-Klasse - Gruppe 4 2021/20"]
[Date "2022.06.12"]
[Round "5.8"]
[White "Knetsch, Alfred"]
[Black "Jopp, Guenter"]
[Result "1-0"]
[WhiteElo "1452"]
[BlackElo "1667"]
[PlyCount "66"]
[EventDate "2022.??.??"]
[SourceVersionDate "2020.03.16"]
[WhiteTeam "SV Weidenau/Geisweid 1"]
[BlackTeam "Siegener SV 1"]

1. d4 d5 2. Bf4 e6 3. e3 Nf6 4. Nd2 b6 5. c3 Be7 6. Ngf3 O-O 7. Bd3 Nbd7 8. Ne5
Bb7 9. Ndf3 Ne4 10. Nxd7 Qxd7 11. Ne5 Qe8 12. f3 Nd6 13. h4 f6 14. Ng4 Qh5 15.
Nf2 f5 16. Kd2 Qe8 17. h5 Rc8 18. g4 h6 19. Qg1 Qd8 20. gxf5 Nxf5 21. Bxf5 Rxf5
22. Bxh6 Bg5 23. Bxg5 Rxg5 24. Qh2 Rf5 25. f4 c5 26. Rag1 Kf8 27. h6 gxh6 28.
Qxh6+ Ke7 29. Rg7+ Rf7 30. Rxf7+ Kxf7 31. Qh7+ Ke8 32. Qxb7 Rc7 33. Rh8+ Kd7
1-0

[Event "Godesberger SK 2 - SK Turm Euskirchen 1"]
[Site "NRW-Klasse - Gruppe 4 2021/20"]
[Date "2022.06.12"]
[Round "5.1"]
[White "Vandenbergen, Nicolas"]
[Black "Mantau, Jan"]
[Result "1/2-1/2"]
[WhiteElo "2132"]
[BlackElo "2184"]
[PlyCount "46"]
[EventDate "2022.??.??"]
[SourceVersionDate "2020.03.16"]
[WhiteTeam "SK Turm Euskirchen 1"]
[BlackTeam "Godesberger SK 2"]

1. Nc3 d5 2. e4 d4 3. Nce2 e5 4. Ng3 Be6 5. c3 Nc6 6. Nf3 a6 7. Qa4 b5 8. Bxb5
axb5 9. Qxb5 Qd7 10. Nxe5 Nxe5 11. Qxe5 dxc3 12. dxc3 f6 13. Qh5+ g6 14. Qe2
Qc6 15. Qc2 Bd6 16. b3 Bxg3 17. hxg3 Ne7 18. Bh6 Kf7 19. Be3 h5 20. f3 f5 21.
O-O h4 22. Bd4 Rhd8 23. Qf2 hxg3 1/2-1/2

[Event "Godesberger SK 2 - SK Turm Euskirchen 1"]
[Site "NRW-Klasse - Gruppe 4 2021/20"]
[Date "2022.06.12"]
[Round "5.2"]
[White "Luebsen, Keno"]
[Black "Neubauer, Juergen"]
[Result "1-0"]
[WhiteElo "2087"]
[BlackElo "2073"]
[PlyCount "137"]
[EventDate "2022.??.??"]
[SourceVersionDate "2020.03.16"]
[WhiteTeam "Godesberger SK 2"]
[BlackTeam "SK Turm Euskirchen 1"]

1. d4 c5 2. d5 d6 3. e4 g6 4. Bb5+ Bd7 5. a4 Bg7 6. Nc3 Nf6 7. Nf3 O-O 8. Nd2
Ne8 9. Nc4 Nc7 10. Bxd7 Nxd7 11. O-O Nb6 12. Na5 Rb8 13. Bg5 Qd7 14. Qd3 f6 15.
Bh4 e5 16. dxe6 Qxe6 17. Bg3 Rfd8 18. Rfe1 Bf8 19. Rad1 Rd7 20. b3 Ne8 21. Nd5
Nxd5 22. Qxd5 Qxd5 23. Rxd5 Rbd8 24. Red1 Kf7 25. Nc4 Ke6 26. f4 b6 27. f5+ Kf7
28. Bf4 Kg7 29. g4 g5 30. Bg3 Be7 31. R5d3 Bf8 32. Kf2 Kf7 33. e5 Re7 34. Nxd6+
Nxd6 35. e6+ Rxe6 36. fxe6+ Kxe6 37. Kf3 Be7 38. Bxd6 Bxd6 39. Ke4 Rd7 40. h3
a5 41. Rd5 Rd8 42. h4 gxh4 43. Rh5 Rg8 44. Rxh4 Rxg4+ 45. Rxg4 f5+ 46. Kf3
fxg4+ 47. Kxg4 h6 48. Rh1 Bf8 49. Kh5 Kd5 50. Rd1+ Kc6 51. Rf1 Be7 52. Kxh6 c4
53. bxc4 Kc5 54. Rb1 Bd8 55. Kg6 Kxc4 56. Rb3 Kc5 57. Kf5 Bh4 58. Ke4 Bf2 59.
Kd3 Kd5 60. Rb5+ Bc5 61. Kc3 Kc6 62. Kc4 Kd6 63. Rb3 Kc6 64. Rb1 Kb7 65. Kb5
Be3 66. Rh1 Bc5 67. Rh7+ Kb8 68. Kc6 Bd4 69. Rb7+ 1-0

[Event "Godesberger SK 2 - SK Turm Euskirchen 1"]
[Site "NRW-Klasse - Gruppe 4 2021/20"]
[Date "2022.06.12"]
[Round "5.3"]
[White "Brinkmann, Sven"]
[Black "Mittmann, Johannes"]
[Result "1/2-1/2"]
[WhiteElo "2002"]
[BlackElo "2105"]
[PlyCount "104"]
[EventDate "2022.??.??"]
[SourceVersionDate "2020.03.16"]
[WhiteTeam "SK Turm Euskirchen 1"]
[BlackTeam "Godesberger SK 2"]

1. e4 e5 2. Nf3 d6 3. d4 exd4 4. Nxd4 Nf6 5. Nc3 Be7 6. Be2 O-O 7. Be3 d5 8.
exd5 Nxd5 9. Nxd5 Qxd5 10. O-O Nd7 11. Bf3 Qa5 12. Re1 Bf6 13. Nb3 Qa4 14. Bd4
Bxd4 15. Qxd4 Nb6 16. Qc5 Qc4 17. Rad1 Be6 18. Bxb7 Rab8 19. Rd4 Qxc5 20. Nxc5
Rfd8 21. Red1 Rxd4 22. Rxd4 Kf8 23. Be4 Ke7 24. b3 h6 25. Kf1 a5 26. a4 Bc8 27.
Bc6 f5 28. Ke2 Kf6 29. Rd8 Ba6+ 30. Nxa6 Rxd8 31. Nc5 Rd6 32. Bb5 c6 33. Bd3
Rd5 34. Nb7 g5 35. g3 Ke7 36. f4 gxf4 37. gxf4 Rd4 38. Nxa5 Kd6 39. Kf3 Nd5 40.
Nc4+ Kc5 41. Kg3 Nxf4 42. Bxf5 Nh5+ 43. Kg2 Rd5 44. Be4 Rd4 45. Bf3 Nf4+ 46.
Kf2 Nd5 47. a5 Rf4 48. Kg3 Rf7 49. Bg4 Rf8 50. Be2 Nf4 51. Bf3 Nd5 52. Ne5 Ra8
1/2-1/2

[Event "Godesberger SK 2 - SK Turm Euskirchen 1"]
[Site "NRW-Klasse - Gruppe 4 2021/20"]
[Date "2022.06.12"]
[Round "5.4"]
[White "Koegler, Christof"]
[Black "Reckers, Sebastian"]
[Result "1-0"]
[WhiteElo "2031"]
[BlackElo "1798"]
[PlyCount "55"]
[EventDate "2022.??.??"]
[SourceVersionDate "2020.03.16"]
[WhiteTeam "Godesberger SK 2"]
[BlackTeam "SK Turm Euskirchen 1"]

1. d4 Nf6 2. Nf3 g6 3. Nc3 d5 4. Bf4 Bg7 5. e3 O-O 6. Be2 a6 7. Ne5 c5 8. h4
cxd4 9. exd4 h5 10. g4 hxg4 11. Nxg4 Bxg4 12. Bxg4 Nbd7 13. h5 gxh5 14. Bxh5 e5
15. Bxe5 Re8 16. f4 Qb6 17. Qd3 Qxb2 18. Rb1 Qa3 19. Kd2 Qa5 20. Bf3 Rac8 21.
Rbg1 Rc6 22. Rh7 Nxe5 23. Rhxg7+ Kf8 24. fxe5 Ne4+ 25. Bxe4 dxe4 26. Qe3 Ke7
27. Qg5+ Kd7 28. e6+ 1-0

[Event "Godesberger SK 2 - SK Turm Euskirchen 1"]
[Site "NRW-Klasse - Gruppe 4 2021/20"]
[Date "2022.06.12"]
[Round "5.5"]
[White "Alnafkhosh, Nashaat"]
[Black "Kummer, Wolfram"]
[Result "0-1"]
[WhiteElo "1806"]
[BlackElo "2024"]
[PlyCount "82"]
[EventDate "2022.??.??"]
[SourceVersionDate "2020.03.16"]
[WhiteTeam "SK Turm Euskirchen 1"]
[BlackTeam "Godesberger SK 2"]

1. Nf3 c5 2. g3 Nc6 3. Bg2 d6 4. O-O Nf6 5. c4 g6 6. b3 Bg7 7. Bb2 O-O 8. Re1
Bd7 9. d4 cxd4 10. Nxd4 Qb6 11. e3 Ne5 12. Nc3 Nxc4 13. Rb1 Nxb2 14. Rxb2 Rac8
15. Rc2 e5 16. Nde2 Rfd8 17. Nd5 Nxd5 18. Rxc8 Rxc8 19. Qxd5 Be6 20. Qxb7 Qa5
21. Rd1 Qxa2 22. Bf3 Qxb3 23. Qxb3 Bxb3 24. Rxd6 a5 25. Ra6 e4 26. Bxe4 Bc4 27.
Rxa5 Bxe2 28. Ra8 Rxa8 29. Bxa8 Bc4 30. f4 Bf8 31. Kf2 Bc5 32. Kf3 Kf8 33. g4
Ke7 34. e4 f6 35. Bd5 Bxd5 36. exd5 Kd6 37. Ke4 Bg1 38. h4 Bf2 39. h5 Bc5 40.
f5 g5 41. h6 Bg1 0-1

[Event "Godesberger SK 2 - SK Turm Euskirchen 1"]
[Site "NRW-Klasse - Gruppe 4 2021/20"]
[Date "2022.06.12"]
[Round "5.7"]
[White "Reckers, Juergen"]
[Black "Schaefer, Timo"]
[Result "1/2-1/2"]
[WhiteElo "1455"]
[BlackElo "1933"]
[PlyCount "57"]
[EventDate "2022.??.??"]
[SourceVersionDate "2020.03.16"]
[WhiteTeam "SK Turm Euskirchen 1"]
[BlackTeam "Godesberger SK 2"]

1. d4 e6 2. c4 d5 3. Nc3 Nf6 4. Bg5 c6 5. e3 Nbd7 6. Nf3 Bd6 7. Bd3 dxc4 8.
Bxc4 b5 9. Bb3 O-O 10. e4 b4 11. Na4 e5 12. Qc2 Bb7 13. O-O-O Qe7 14. Kb1 c5
15. dxc5 Nxc5 16. Nxc5 Bxc5 17. Bd5 Rac8 18. Bxf6 gxf6 19. Qd2 Bxd5 20. exd5
Kh8 21. Nh4 e4 22. Rhe1 Qe5 23. f4 Qh5 24. g3 Rfe8 25. d6 Rcd8 26. d7 Re7 27.
Qd5 Qxd5 28. Rxd5 Bf2 29. Red1 1/2-1/2

[Event "Godesberger SK 2 - SK Turm Euskirchen 1"]
[Site "NRW-Klasse - Gruppe 4 2021/20"]
[Date "2022.06.12"]
[Round "5.8"]
[White "Eisentraut, Dieter"]
[Black "Pfening, Richard"]
[Result "0-1"]
[WhiteElo "1758"]
[BlackElo "1297"]
[PlyCount "46"]
[EventDate "2022.??.??"]
[SourceVersionDate "2020.03.16"]
[WhiteTeam "Godesberger SK 2"]
[BlackTeam "SK Turm Euskirchen 1"]

1. c3 e5 2. Qa4 c6 3. Nf3 Qc7 4. e4 Nf6 5. d3 Be7 6. Bg5 O-O 7. Be2 d5 8. Nbd2
Nbd7 9. Nf1 Nc5 10. Qc2 dxe4 11. Bxf6 exf3 12. Bxe7 fxg2 13. Rg1 gxf1=Q+ 14.
Bxf1 Qxe7 15. O-O-O Bf5 16. Qd2 Rad8 17. Qh6 f6 18. Rg3 Rd7 19. Be2 Rfd8 20.
Rdg1 Bg6 21. Qe3 Nxd3+ 22. Kb1 Ne1+ 23. Rxg6 Rd1+ 0-1

[Event "SF Stadtverwaltung Bonn 1 - SV Bergneus"]
[Site "NRW-Klasse - Gruppe 4 2021/20"]
[Date "2022.06.12"]
[Round "5.1"]
[White "Stuemer, Paul"]
[Black "Suppert, Timur"]
[Result "0-1"]
[WhiteElo "1971"]
[BlackElo "2099"]
[PlyCount "56"]
[EventDate "2022.??.??"]
[SourceVersionDate "2020.03.16"]
[WhiteTeam "SV Bergneustadt/Derschlag 1"]
[BlackTeam "SF Stadtverwaltung Bonn 1"]

1. Nf3 f5 2. c4 Nf6 3. Nc3 d6 4. d4 g6 5. g3 Bg7 6. Bg2 O-O 7. O-O Nc6 8. Qc2
h6 9. Rd1 Qe8 10. Nb5 Qd7 11. d5 Nd8 12. Be3 c6 13. Nxa7 e5 14. dxc6 Qe7 15.
Nxc8 Rxc8 16. cxb7 Nxb7 17. Nh4 Kh7 18. Bxb7 Qxb7 19. Rxd6 Rc6 20. Rad1 Rfc8
21. b3 Ne4 22. Rd7 R8c7 23. Qd3 Nf6 24. Rd8 Rf7 25. Qb1 Ne4 26. Qd3 Nf6 27. Rd6
Rxd6 28. Qxd6 Rd7 0-1

[Event "SF Stadtverwaltung Bonn 1 - SV Bergneus"]
[Site "NRW-Klasse - Gruppe 4 2021/20"]
[Date "2022.06.12"]
[Round "5.2"]
[White "Wagner, Rainer"]
[Black "Gloeckl, Simon"]
[Result "1-0"]
[WhiteElo "2053"]
[BlackElo "1815"]
[PlyCount "61"]
[EventDate "2022.??.??"]
[SourceVersionDate "2020.03.16"]
[WhiteTeam "SF Stadtverwaltung Bonn 1"]
[BlackTeam "SV Bergneustadt/Derschlag 1"]

1. Nf3 Nf6 2. c4 e6 3. g3 d5 4. Bg2 Be7 5. O-O O-O 6. d4 dxc4 7. Na3 c5 8. Nxc4
Nbd7 9. Qc2 Re8 10. Rd1 b6 11. Ng5 Ba6 12. Ne5 Rc8 13. Nexf7 cxd4 14. Qa4 Nc5
15. Qxa6 Nxa6 16. Nxd8 Rcxd8 17. Bc6 Bc5 18. Bxe8 Rxe8 19. a3 b5 20. b4 Bb6 21.
e3 e5 22. exd4 exd4 23. Bb2 Ne4 24. Nxe4 Rxe4 25. Re1 Rxe1+ 26. Rxe1 Nc7 27.
Re4 d3 28. Kf1 a5 29. Bd4 axb4 30. axb4 Nd5 31. Bxb6 1-0

[Event "SF Stadtverwaltung Bonn 1 - SV Bergneus"]
[Site "NRW-Klasse - Gruppe 4 2021/20"]
[Date "2022.06.12"]
[Round "5.3"]
[White "Wang, Andre"]
[Black "Wahl, Felix"]
[Result "1/2-1/2"]
[WhiteElo "1976"]
[BlackElo "2017"]
[PlyCount "139"]
[EventDate "2022.??.??"]
[SourceVersionDate "2020.03.16"]
[WhiteTeam "SV Bergneustadt/Derschlag 1"]
[BlackTeam "SF Stadtverwaltung Bonn 1"]

1. d4 d5 2. Nf3 Nf6 3. Bf4 c5 4. Bxb8 Rxb8 5. c3 Qb6 6. Qb3 c4 7. Qxb6 axb6 8.
g3 h6 9. Bg2 Bf5 10. Nbd2 e6 11. Ne5 b5 12. a3 Be7 13. O-O O-O 14. Rfe1 Rfd8
15. e4 dxe4 16. Nxe4 Nxe4 17. Bxe4 Bxe4 18. Rxe4 Rd5 19. Rae1 Rbd8 20. Kg2 Bd6
21. h4 Bxe5 22. Rxe5 Kf8 23. g4 Ke7 24. f4 Rxe5 25. Rxe5 Rd5 26. Kf3 f6 27. Re1
h5 28. g5 fxg5 29. fxg5 Rf5+ 30. Kg3 Kd6 31. Re2 Kd5 32. Rd2 Rf1 33. Re2 Rg1+
34. Kf2 Rg4 35. Re5+ Kd6 36. Rxb5 Kc6 37. Rc5+ Kd7 38. Rxc4 Rxh4 39. Rb4 Kc7
40. Rb5 Rf4+ 41. Ke3 Rg4 42. g6 h4 43. Rh5 Rxg6 44. Rxh4 Rg2 45. b4 Ra2 46. Rg4
Rxa3 47. Rxg7+ Kc6 48. Kd3 b6 49. b5+ Kxb5 50. Re7 Kc6 51. Rxe6+ Kc7 52. Kc4
Ra4+ 53. Kb5 Ra5+ 54. Kb4 Rh5 55. Re5 Rh1 56. Rg5 Kc6 57. Rg6+ Kc7 58. d5 Rd1
59. Rc6+ Kb7 60. Kc4 Rd2 61. Rg6 Kc7 62. Rg7+ Kc8 63. Rh7 Rd1 64. Rh3 Kc7 65.
Rd3 Rh1 66. d6+ Kd7 67. Kb5 Rb1+ 68. Ka6 Rb3 69. Kb7 b5 70. Rd5 1/2-1/2

[Event "SF Stadtverwaltung Bonn 1 - SV Bergneus"]
[Site "NRW-Klasse - Gruppe 4 2021/20"]
[Date "2022.06.12"]
[Round "5.4"]
[White "Hoefer, Severin Paul"]
[Black "Sailer, Hans-Peter"]
[Result "1-0"]
[WhiteElo "1998"]
[BlackElo "1810"]
[PlyCount "39"]
[EventDate "2022.??.??"]
[SourceVersionDate "2020.03.16"]
[WhiteTeam "SF Stadtverwaltung Bonn 1"]
[BlackTeam "SV Bergneustadt/Derschlag 1"]

1. Nf3 Nf6 2. c4 d5 3. cxd5 Nxd5 4. e4 Nf6 5. Nc3 e6 6. d4 Be7 7. Bf4 c6 8. Bd3
O-O 9. Bc2 b6 10. O-O Re8 11. Re1 Bb7 12. Qd3 Ba6 13. Qd2 Nbd7 14. Rad1 Nf8 15.
Ne5 Qc8 16. d5 cxd5 17. exd5 exd5 18. Ba4 N6d7 19. Nxd7 Nxd7 20. Nxd5 1-0

[Event "SF Stadtverwaltung Bonn 1 - SV Bergneus"]
[Site "NRW-Klasse - Gruppe 4 2021/20"]
[Date "2022.06.12"]
[Round "5.5"]
[White "Chlechowitz, Maximilian"]
[Black "Nenner, Thomas"]
[Result "0-1"]
[WhiteElo "1686"]
[BlackElo "1984"]
[PlyCount "78"]
[EventDate "2022.??.??"]
[SourceVersionDate "2020.03.16"]
[WhiteTeam "SV Bergneustadt/Derschlag 1"]
[BlackTeam "SF Stadtverwaltung Bonn 1"]

1. d4 Nf6 2. Nf3 e6 3. Nbd2 d5 4. e3 c5 5. c3 Nc6 6. Bd3 a6 7. O-O Bd6 8. dxc5
Bxc5 9. e4 O-O 10. Qe2 dxe4 11. Nxe4 Nxe4 12. Qxe4 f5 13. Qe2 e5 14. Bc4+ Kh8
15. Nxe5 Nxe5 16. Qxe5 Bd6 17. Qd5 Qc7 18. f4 Bd7 19. Qd3 Rad8 20. Bd5 Rfe8 21.
Qf3 Bb5 22. c4 Bxc4 23. Bxc4 Qxc4 24. b3 Qd4+ 25. Qf2 Qxa1 26. Bb2 Bc5 27. Bxa1
Bxf2+ 28. Kxf2 Rd2+ 29. Kg3 Re3+ 30. Rf3 Rxf3+ 31. gxf3 Rxa2 32. Bd4 Ra3 33. b4
Rb3 34. Bc5 b6 35. Bxb6 Rxb4 36. Bc5 Rb2 37. h4 Kg8 38. h5 Kf7 39. h6 gxh6 0-1

[Event "SF Stadtverwaltung Bonn 1 - SV Bergneus"]
[Site "NRW-Klasse - Gruppe 4 2021/20"]
[Date "2022.06.12"]
[Round "5.6"]
[White "Weigant, Wladimir"]
[Black "Lemmer, Klaus"]
[Result "1-0"]
[WhiteElo "2137"]
[BlackElo "1752"]
[PlyCount "71"]
[EventDate "2022.??.??"]
[SourceVersionDate "2020.03.16"]
[WhiteTeam "SF Stadtverwaltung Bonn 1"]
[BlackTeam "SV Bergneustadt/Derschlag 1"]

1. Nf3 Nc6 2. d4 d5 3. e3 Nf6 4. c4 dxc4 5. Bxc4 e6 6. Nc3 Bb4 7. O-O O-O 8. a3
Bxc3 9. bxc3 Na5 10. Bd3 b6 11. e4 h6 12. Re1 Bb7 13. Bc2 Ba6 14. Be3 c6 15.
Ne5 Rc8 16. Qf3 Nc4 17. Nxc4 Bxc4 18. e5 Bd5 19. Qg3 Ne4 20. Bxe4 Bxe4 21. Bxh6
Bg6 22. Bg5 Qd5 23. Qh4 c5 24. Re3 cxd4 25. Rh3 f6 26. exf6 Kf7 27. fxg7 Rg8
28. cxd4 Rxg7 29. Qf4+ Kg8 30. Rg3 Rf8 31. Qe5 Rf5 32. Qxd5 Rxd5 33. Bf6 Rf7
34. Be5 Kh7 35. Rh3+ Kg8 36. Rh8# 1-0

[Event "SF Stadtverwaltung Bonn 1 - SV Bergneus"]
[Site "NRW-Klasse - Gruppe 4 2021/20"]
[Date "2022.06.12"]
[Round "5.8"]
[White "Antonioli, Vladimir"]
[Black "Stahlschmidt, Timo"]
[Result "1-0"]
[WhiteElo "1825"]
[BlackElo "1476"]
[PlyCount "91"]
[EventDate "2022.??.??"]
[SourceVersionDate "2020.03.16"]
[WhiteTeam "SF Stadtverwaltung Bonn 1"]
[BlackTeam "SV Bergneustadt/Derschlag 1"]

1. e4 d6 2. d4 Nf6 3. Nc3 e5 4. dxe5 dxe5 5. Qxd8+ Kxd8 6. f3 Be6 7. Bg5 Nbd7
8. O-O-O a6 9. Nge2 Bd6 10. Nd5 Ke8 11. c4 h6 12. Be3 Bxd5 13. exd5 Ke7 14. g4
Rhb8 15. Ng3 b5 16. h4 Ne8 17. Nf5+ Kd8 18. g5 h5 19. Ng3 g6 20. Ne4 bxc4 21.
Bxc4 Rb4 22. Bf1 a5 23. a3 Rb7 24. a4 Rb3 25. Nc3 Bc5 26. Bxc5 Nxc5 27. Bb5 Nd6
28. Rhe1 Nxb5 29. axb5 Nd7 30. d6 Rc8 31. dxc7+ Kxc7 32. Kb1 Re8 33. Ka2 a4 34.
Re4 Nb6 35. f4 Re6 36. fxe5 Re7 37. Rd6 Re6 38. Rxe6 fxe6 39. Rf4 Kd8 40. Rd4+
Kc8 41. Nxa4 Rxb5 42. Nxb6+ Rxb6 43. Rd6 Rxd6 44. exd6 Kd7 45. Kb3 Kxd6 46. Kc4
1-0

[Event "Bergische SF 1 - SG Solingen 4"]
[Site "NRW-Klasse - Gruppe 4 2021/20"]
[Date "2022.06.12"]
[Round "5.1"]
[White "Blasek, Ralph"]
[Black "Bosbach, Stefan"]
[Result "1-0"]
[WhiteElo "2088"]
[BlackElo "2018"]
[PlyCount "37"]
[EventDate "2022.??.??"]
[SourceVersionDate "2020.03.16"]
[WhiteTeam "SG Solingen 4"]
[BlackTeam "Bergische SF 1"]

1. e4 e6 2. d4 d5 3. e5 c5 4. c3 Qb6 5. Nf3 Bd7 6. a3 Bb5 7. c4 Bxc4 8. Bxc4
dxc4 9. Nbd2 Qa6 10. O-O Nc6 11. Qc2 cxd4 12. Nxc4 b5 13. Nd6+ Bxd6 14. exd6
Nf6 15. Bg5 O-O 16. Rac1 Rac8 17. Bxf6 gxf6 18. d7 Rc7 19. Nxd4 1-0

[Event "Bergische SF 1 - SG Solingen 4"]
[Site "NRW-Klasse - Gruppe 4 2021/20"]
[Date "2022.06.12"]
[Round "5.2"]
[White "Heckoetter, Christian"]
[Black "Fichtner, Ewald"]
[Result "0-1"]
[WhiteElo "1970"]
[BlackElo "2005"]
[PlyCount "54"]
[EventDate "2022.??.??"]
[SourceVersionDate "2020.03.16"]
[WhiteTeam "Bergische SF 1"]
[BlackTeam "SG Solingen 4"]

1. d4 d5 2. Nf3 Nf6 3. e3 Bf5 4. c4 c6 5. Nc3 e6 6. Bd3 Bg6 7. O-O Be7 8. Ne5
Nbd7 9. Nxg6 hxg6 10. e4 dxe4 11. Nxe4 Nb6 12. Be3 Nxe4 13. Bxe4 Nxc4 14. Qb3
Nb6 15. Rad1 Qd6 16. g3 Qb4 17. Qc2 Bf6 18. Rd3 Rd8 19. Rb3 Qe7 20. Ra3 Bxd4
21. Bxd4 Rxd4 22. Rxa7 O-O 23. Bg2 Nd5 24. Rc1 Qb4 25. b3 Qb6 26. Qc5 Rd1+ 27.
Bf1 Rxc1 0-1

[Event "Bergische SF 1 - SG Solingen 4"]
[Site "NRW-Klasse - Gruppe 4 2021/20"]
[Date "2022.06.12"]
[Round "5.3"]
[White "Hannewald, Anton"]
[Black "Weiser, Hans-Josef"]
[Result "1/2-1/2"]
[WhiteElo "2033"]
[BlackElo "1986"]
[Annotator "daniel"]
[PlyCount "51"]
[EventDate "2022.??.??"]
[SourceVersionDate "2020.03.16"]
[WhiteTeam "SG Solingen 4"]
[BlackTeam "Bergische SF 1"]

1. e4 c5 2. Nf3 d6 3. d4 cxd4 4. Nxd4 Nf6 5. Nc3 a6 6. Be2 e5 7. Nb3 Be6 8. f4
Qc7 9. g4 Be7 10. g5 Nfd7 11. f5 Bc4 12. Bxc4 Qxc4 13. Qf3 Nc6 14. Bd2 Rc8 15.
Qg2 Nb4 16. Be3 b6 17. Rf1 a5 $11 18. a4 d5 19. exd5 Nd3+ 20. cxd3 Qxb3 21. Rc1
Bb4 22. Qc2 Qxd5 23. Ke2 Qb7 24. f6 gxf6 25. Qb3 Qg2+ 26. Rf2 1/2-1/2

[Event "Bergische SF 1 - SG Solingen 4"]
[Site "NRW-Klasse - Gruppe 4 2021/20"]
[Date "2022.06.12"]
[Round "5.4"]
[White "Thelen, Harm-Wulf"]
[Black "Rittmann, Dirk"]
[Result "1-0"]
[WhiteElo "1929"]
[BlackElo "2014"]
[PlyCount "93"]
[EventDate "2022.??.??"]
[SourceVersionDate "2020.03.16"]
[WhiteTeam "Bergische SF 1"]
[BlackTeam "SG Solingen 4"]

1. c4 Nf6 2. Nc3 c5 3. g3 Nc6 4. Bg2 g6 5. d3 Bg7 6. e4 d6 7. f4 e5 8. Nf3 O-O
9. O-O Bg4 10. h3 Bxf3 11. Bxf3 Nd4 12. Bg2 Nh5 13. Kh2 exf4 14. gxf4 Qh4 15.
Qg4 Qxg4 16. hxg4 Nf6 17. Bh3 Rfd8 18. g5 Ne8 19. Nd5 Rab8 20. Bd2 b6 21. Rab1
Rb7 22. b4 Rdb8 23. b5 Kf8 24. a4 Nc7 25. Nf6 Bxf6 26. gxf6 Ne8 27. f5 Nxf6 28.
fxg6 Kg7 29. gxh7 Nxh7 30. Rg1+ Kh8 31. Rbf1 f6 32. Bf5 Rg8 33. Rxg8+ Kxg8 34.
Rg1+ Ng5 35. Rg2 Ndf3+ 36. Kg3 Nxd2 37. Rxd2 Kg7 38. Ra2 Nf7 39. Kf4 Ne5 40.
Rh2 Kg8 41. Be6+ Kg7 42. Rg2+ Kh8 43. Kf5 Nxd3 44. Kxf6 Nf4 45. Rh2+ Rh7 46.
Rxh7+ Kxh7 47. Ke7 1-0